Prof. G Ram Reddy Library

Origins of thai art (Record no. 101804)

MARC details
000 -LEADER
fixed length control field 00507nam a2200193Ia 4500
003 - CONTROL NUMBER IDENTIFIER
control field LDD
008 - FIXED-LENGTH DATA ELEMENTS--GENERAL INFORMATION
fixed length control field 181029s9999 xx 000 0 und d
020 ## - INTERNATIONAL STANDARD BOOK NUMBER
International Standard Book Number 9748225992
Terms of availability P 59.95
040 ## - CATALOGING SOURCE
Transcribing agency LDD
100 ## - MAIN ENTRY--PERSONAL NAME
Personal name Gosling, Betty
245 #0 - TITLE STATEMENT
Title Origins of thai art
Statement of responsibility, etc. Betty Gosling
260 ## - PUBLICATION, DISTRIBUTION, ETC.
Place of publication, distribution, etc. Bangkok
Name of publisher, distributor, etc. River Books
Date of publication, distribution, etc. 2004
300 ## - PHYSICAL DESCRIPTION
Extent 196p.
365 ## - TRADE PRICE
Price amount P 59.95
901 ## - LOCAL DATA ELEMENT A, LDA (RLIN)
a 7329
b 09-08-2011
902 ## - LOCAL DATA ELEMENT B, LDB (RLIN)
a 933
b 04-01-2012
c F
d BBS
e FTF
903 ## - LOCAL DATA ELEMENT C, LDC (RLIN)
a Discount-30
b Reqst by : Sunil Kumar
942 ## - ADDED ENTRY ELEMENTS (KOHA)
Source of classification or shelving scheme Dewey Decimal Classification
Koha item type Books
Holdings
Withdrawn status Lost status Source of classification or shelving scheme Damaged status Not for loan Home library Current library Total Checkouts Full call number Barcode Date last seen Cost, replacement price Price effective from Koha item type
No   Dewey Decimal Classification     Library and Documentation Division Library and Documentation Division   709.593 G693O 085138 11/01/2018 4980.64 11/01/2018 Books

© Prof. G Ram Reddy Centre Library, Indira Gandhi National Open University, Maidan Garhi, New Delhi, 110068
+91-011-29532797 | FAX+91-011-29533393 |